000 00292nam a22001337a 4500
008 170331b xxu||||| |||| 00| 0 eng d
020 _a0815197241
041 _aeng
080 _a616-053.2
100 _a8
101 _ashm
245 _aYEAR BOOK PEDIATRICS
_cSTOCKMAN.J.A
942 _2udc
_cBK
999 _c9173
_d9173